[Event "Novokuznetsk SFO-ch U19 Girls"]
[Site "Novokuznetsk"]
[Date "2014.11.02"]
[Round "1"]
[White "Antipova, Anastasia"]
[Black "Sablina, Anastasia"]
[Result "1-0"]
[WhiteElo "2024"]
[BlackElo "1728"]
[PlyCount "127"]
[EventDate "2014.11.02"]
[EventType "swiss"]
[EventRounds "9"]
[EventCountry "RUS"]
[SourceTitle "CBM 163 Extra"]
[Source "ChessBase"]
[SourceDate "2014.12.23"]
[SourceVersion "1"]
[SourceVersionDate "2014.12.23"]
[SourceQuality "1"]

1. e4 e5 2. Nf3 d6 3. d4 exd4 4. Nxd4 Nf6 5. Nc3 Bd7 6. Bc4 Nc6 7. Nxc6 Bxc6 8. 0-0 Be7 9. Re1 0-0 10. Bg5 Nd7 11. Bxe7 Qxe7 12. Nd5 Bxd5 13. Bxd5 c6 14. Bc4 Qf6 15. c3 Ne5 16. Be2 Rad8 17. Qc2 Rfe8 18. Rad1 h6 19. Rd4 Qg6 20. Red1 d5 21. Qd2 Qf6 22. exd5 cxd5 23. Rxd5 Rxd5 24. Qxd5 Nc6 25. Bf3 Rd8 26. Qb3 Rxd1+ 27. Qxd1 Qe6 28. b3 Qf6 29. Qe1 Kf8 30. h3 b6 31. Qe4 Nd8 32. Qd3 Ne6 33. Qd6+ Qe7 34. Qxe7+ Kxe7 35. Kf1 Nc5 36. Ke2 Kd6 37. Ke3 Ke5 38. Be2 g5 39. g3 f6 40. f4+ gxf4+ 41. gxf4+ Kf5 42. Bg4+ Kg6 43. Bc8 f5 44. Kd4 Ne4 45. c4 Nf2 46. h4 Kf6 47. b4 Nh3 48. Ke3 Kg6 49. h5+ Kf6 50. Bb7 Ke7 51. Bg2 Nxf4 52. Kxf4 Kf6 53. Bh3 Ke6 54. Bxf5+ Kd6 55. Ke4 a5 56. a3 Kc6 57. Ke5 axb4 58. axb4 Kc7 59. Kf6 Kd6 60. Kg6 Ke5 61. c5 b5 62. Bd3 Kd4 63. Bxb5 Kd5 64. Kxh6 1-0

[Event "Omsk op"]
[Site "Omsk"]
[Date "2013.09.16"]
[Round "7"]
[White "Antipova, Anastasia"]
[Black "Skokov, Boris"]
[Result "1-0"]
[WhiteElo "1914"]
[BlackElo "2042"]
[PlyCount "63"]
[EventDate "2013.09.10"]
[EventType "swiss"]
[EventRounds "9"]
[EventCountry "RUS"]
[SourceTitle "CBM 156 Extra"]
[Source "ChessBase"]
[SourceDate "2013.10.22"]
[SourceVersion "1"]
[SourceVersionDate "2013.10.22"]
[SourceQuality "1"]

1. e4 e6 2. d4 d5 3. Nc3 Nf6 4. Bg5 Be7 5. e5 Nfd7 6. Bxe7 Qxe7 7. f4 0-0 8. Nf3 c5 9. Bd3 f5 10. exf6 Nxf6 11. dxc5 Qxc5 12. Qd2 Nc6 13. 0-0-0 Ng4 14. Rhe1 Nf2 15. Na4 Nxd3+ 16. Qxd3 Qb4 17. Nc3 Qxf4+ 18. Kb1 a6 19. Ne2 Qf6 20. Ned4 Bd7 21. Re3 Nxd4 22. Nxd4 Rac8 23. Rde1 Rfe8 24. Rf3 Qe7 25. Nf5 Qc5 26. Nxg7 Kxg7 27. Rh3 Qxc2+ 28. Qxc2 Rxc2 29. Kxc2 e5 30. Rc3 Bf5+ 31. Kd2 d4 32. Rc7+ 1-0

[Event "Omsk-ch"]
[Site "Omsk"]
[Date "2012.03.19"]
[Round "4"]
[White "Antipova, Anastasia"]
[Black "Zikunova, Valeria"]
[Result "1-0"]
[WhiteElo "1888"]
[BlackElo "2029"]
[PlyCount "47"]
[EventDate "2012.03.15"]
[EventType "swiss"]
[EventRounds "9"]
[EventCountry "RUS"]
[SourceTitle "EXT 2013"]
[Source "ChessBase"]
[SourceDate "2012.11.22"]
[SourceVersion "1"]
[SourceVersionDate "2012.11.22"]
[SourceQuality "1"]

1. e4 c5 2. Nf3 Nc6 3. d4 cxd4 4. Nxd4 d6 5. Nc3 Nf6 6. Bg5 Qb6 7. Nb3 Ng4 8. Qd2 h6 9. Bh4 g5 10. Bg3 Bg7 11. 0-0-0 Be6 12. Nd5 Bxd5 13. exd5 Nce5 14. Nd4 Rc8 15. f3 Nc4 16. Bxc4 Rxc4 17. Nb3 Ne5 18. h4 Kd7 19. Kb1 Rhc8 20. Rc1 Ra4 21. Bxe5 Bxe5 22. Qd3 gxh4 23. Qf5+ Ke8 24. Qxc8+ 1-0

[Event "Omsk-ch"]
[Site "Omsk"]
[Date "2012.03.15"]
[Round "1"]
[White "Antipova, Anastasia"]
[Black "Baboshin, Sergei"]
[Result "0-1"]
[WhiteElo "1888"]
[BlackElo "2173"]
[PlyCount "30"]
[EventDate "2012.03.15"]
[EventType "swiss"]
[EventRounds "9"]
[EventCountry "RUS"]
[SourceTitle "EXT 2013"]
[Source "ChessBase"]
[SourceDate "2012.11.22"]
[SourceVersion "1"]
[SourceVersionDate "2012.11.22"]
[SourceQuality "1"]

1. e4 e5 2. Nf3 d6 3. d4 Nd7 4. Bc4 c6 5. 0-0 Be7 6. Nc3 b5 7. Bb3 Ngf6 8. Qe2 0-0 9. Rd1 Qc7 10. d5 Bb7 11. Bg5 a6 12. dxc6 Bxc6 13. Bd5 Rac8 14. Bxc6 Qxc6 15. Nh4 g6 0-1

[Event "Omsk Rating"]
[Site "Omsk"]
[Date "2011.12.14"]
[Round "8"]
[White "Antipova, Anastasia"]
[Black "Bogachkova, Alena"]
[Result "1-0"]
[WhiteElo "1794"]
[BlackElo "2009"]
[PlyCount "109"]
[EventDate "2011.12.02"]
[EventType "swiss"]
[EventRounds "9"]
[EventCountry "RUS"]
[SourceTitle "EXT 2022"]
[Source "ChessBase"]
[SourceDate "2021.10.06"]
[SourceVersion "1"]
[SourceVersionDate "2021.10.06"]
[SourceQuality "1"]

1. e4 c5 2. Nf3 Nc6 3. d4 cxd4 4. Nxd4 e5 5. Nb5 d6 6. N1c3 a6 7. Na3 b5 8. Nd5 Nce7 9. Bg5 f6 10. Be3 Nxd5 11. Qxd5 Rb8 12. c4 f5 13. cxb5 Nf6 14. Qc6+ Bd7 15. Qxa6 d5 16. Nc2 Nxe4 17. Ba7 Rc8 18. Bd3 Nc5 19. Bxc5 Bxc5 20. 0-0 f4 21. Rae1 0-0 22. Rxe5 Qc7 23. Rh5 Rf6 24. Bxh7+ Kf7 25. b6 Rxb6 26. Qd3 g6 27. Rxd5 Bf5 28. Bxg6+ Bxg6 29. Rd7+ Kf6 30. Rxc7 Bxd3 31. Rxc8 Bxf1 32. Rxc5 Bd3 33. b3 Rd6 34. h4 Be4 35. Nb4 Rd1+ 36. Kh2 Rd2 37. Rc4 Kf5 38. f3 Bxf3 39. Rc2 Rxc2 40. Nxc2 Be4 41. Nd4+ Kg4 42. Ne2 Bd3 43. Nxf4 Kxf4 44. b4 Bb5 45. g3+ Kg4 46. Kg2 Bc6+ 47. Kf2 Be8 48. a3 Kf5 49. Ke3 Ke5 50. g4 Bd7 51. g5 Be8 52. Kd3 Kf5 53. Kc4 Kg4 54. b5 Kxh4 55. b6 1-0

[Event "Omsk Rating"]
[Site "Omsk"]
[Date "2011.12.05"]
[Round "3"]
[White "Antipova, Anastasia"]
[Black "Borisov, Sergey M"]
[Result "0-1"]
[WhiteElo "1794"]
[BlackElo "2048"]
[PlyCount "56"]
[EventDate "2011.12.02"]
[EventType "swiss"]
[EventRounds "9"]
[EventCountry "RUS"]
[SourceTitle "EXT 2022"]
[Source "ChessBase"]
[SourceDate "2021.10.06"]
[SourceVersion "1"]
[SourceVersionDate "2021.10.06"]
[SourceQuality "1"]

1. e4 Nf6 2. e5 Nd5 3. d4 d6 4. Nf3 Bg4 5. Be2 e6 6. 0-0 Be7 7. c4 Nb6 8. Nc3 0-0 9. Be3 d5 10. c5 Bxf3 11. gxf3 Nc8 12. Kh1 Nc6 13. Rg1 Kh8 14. Qf1 f5 15. Qh3 Rg8 16. Rg6 Bh4 17. Rxe6 f4 18. Rxc6 bxc6 19. Bxf4 Bxf2 20. Bd3 Qh4 21. Qxh4 Bxh4 22. Be2 Rf8 23. Bg3 Bg5 24. f4 Bxf4 25. Rf1 g5 26. Bg4 Ne7 27. Re1 Rab8 28. b3 Bd2 0-1

[Event "Omsk Rating"]
[Site "Omsk"]
[Date "2011.12.04"]
[Round "2"]
[White "Strizhachenko, Yuri"]
[Black "Antipova, Anastasia"]
[Result "1-0"]
[WhiteElo "2105"]
[BlackElo "1794"]
[PlyCount "89"]
[EventDate "2011.12.02"]
[EventType "swiss"]
[EventRounds "9"]
[EventCountry "RUS"]
[SourceTitle "EXT 2022"]
[Source "ChessBase"]
[SourceDate "2021.10.06"]
[SourceVersion "1"]
[SourceVersionDate "2021.10.06"]
[SourceQuality "1"]

1. d4 Nf6 2. e3 g6 3. f4 d5 4. Bd3 Bg7 5. Nf3 c5 6. c3 c4 7. Bc2 0-0 8. Nbd2 Bf5 9. 0-0 Nc6 10. Re1 b5 11. e4 dxe4 12. Nxe4 Nd5 13. Qe2 Qc7 14. Ne5 Nxe5 15. fxe5 a5 16. g4 Bd7 17. Nc5 Bc6 18. Bd2 Rac8 19. Rf1 Ba8 20. Be4 Bxe5 21. Qg2 Nb6 22. Rae1 Bg7 23. Bf4 Qa7 24. Bxa8 Nxa8 25. Bg5 e6 26. Ne4 f5 27. Nd6 Rb8 28. Rxe6 Nc7 29. Re2 Bf6 30. gxf5 Bxg5 31. Qxg5 Qb6 32. Ne4 Nd5 33. f6 Qc6 34. Nc5 Rf7 35. Re6 Qa8 36. Rd6 Nb6 37. Qe5 Qa7 38. Re1 Rbf8 39. Ne6 Re8 40. Rd8 Rxd8 41. Nxd8 Nd7 42. Qe8+ Rf8 43. f7+ Kh8 44. Ne6 Qb7 45. Nxf8 1-0

[Event "St Petersburg Botvinnik 100 op"]
[Site "St Petersburg"]
[Date "2011.08.19"]
[Round "8"]
[White "Antipova, Anastasia"]
[Black "Kiselev, Pavel"]
[Result "0-1"]
[WhiteElo "1794"]
[BlackElo "2191"]
[PlyCount "80"]
[EventDate "2011.08.12"]
[EventType "swiss"]
[EventRounds "9"]
[EventCountry "RUS"]
[SourceTitle "CBM 143 Extra"]
[Source "ChessBase"]
[SourceDate "2011.08.29"]
[SourceVersion "1"]
[SourceVersionDate "2011.08.29"]
[SourceQuality "1"]

1. e4 c5 2. c3 d5 3. exd5 Qxd5 4. d4 Nf6 5. Nf3 Bg4 6. Qa4+ Nc6 7. Bc4 Qe4+ 8. Be3 Bxf3 9. Nd2 Qg4 10. gxf3 Qd7 11. Ne4 cxd4 12. cxd4 e6 13. Nxf6+ gxf6 14. 0-0-0 Nb4 15. Bb5 Nc6 16. Kb1 a6 17. Bc4 Ne7 18. Qxd7+ Kxd7 19. d5 e5 20. d6 Nf5 21. Bxf7 Bxd6 22. Bd5 Rab8 23. Be4 Nxe3 24. fxe3 b6 25. Rd3 Ke7 26. Rhd1 Rhd8 27. Rb3 Bc5 28. Rxd8 Rxd8 29. Bxh7 Rh8 30. Bd3 Bxe3 31. Bxa6 Bd4 32. Rd3 Rxh2 33. Rb3 Ke6 34. Bb7 Kf5 35. Bd5 Kf4 36. Kc1 Be3+ 37. Kb1 Rh1+ 38. Kc2 Rc1+ 39. Kd3 Rd1+ 40. Kc4 Rd4+ 0-1

[Event "St Petersburg Botvinnik 100 op"]
[Site "St Petersburg"]
[Date "2011.08.14"]
[Round "3"]
[White "Tkachev, Ivan"]
[Black "Antipova, Anastasia"]
[Result "1-0"]
[WhiteElo "2047"]
[BlackElo "1794"]
[PlyCount "93"]
[EventDate "2011.08.12"]
[EventType "swiss"]
[EventRounds "9"]
[EventCountry "RUS"]
[SourceTitle "CBM 143 Extra"]
[Source "ChessBase"]
[SourceDate "2011.08.29"]
[SourceVersion "1"]
[SourceVersionDate "2011.08.29"]
[SourceQuality "1"]

1. d4 Nf6 2. Nf3 g6 3. Nbd2 d5 4. b3 Bg7 5. Bb2 0-0 6. g3 Nbd7 7. Bg2 c6 8. 0-0 Nb6 9. a4 a5 10. Ne5 Nfd7 11. e4 dxe4 12. Nxd7 Nxd7 13. Bxe4 Nf6 14. Bg2 Bf5 15. c4 Qd7 16. Nf3 Rfd8 17. Ne5 Qc7 18. f4 Be4 19. Bh3 h5 20. Re1 Qd6 21. Re3 e6 22. Bg2 Bxg2 23. Kxg2 c5 24. Rd3 cxd4 25. Rxd4 Qc7 26. Qe2 Rxd4 27. Bxd4 Qd6 28. Rd1 Rd8 29. Rd3 Qc7 30. Qd1 b6 31. Nf3 Rd7 32. Be5 Rxd3 33. Qxd3 Qe7 34. Qd4 Ne8 35. Qxb6 Bxe5 36. Nxe5 Kg7 37. c5 Qc7 38. Qc6 Qd8 39. Qd7 Qxd7 40. Nxd7 Nc7 41. Nb8 f6 42. Kf3 e5 43. fxe5 fxe5 44. Ke4 Kf6 45. Nd7+ Ke6 46. Nxe5 Na6 47. Kd4 1-0

[Event "Omsk CC-ch sf"]
[Site "Omsk"]
[Date "2011.07.01"]
[Round "9"]
[White "Zhmakin, Ivan"]
[Black "Antipova, Anastasia"]
[Result "1-0"]
[WhiteElo "1791"]
[BlackElo "1794"]
[PlyCount "101"]
[EventDate "2011.06.20"]
[EventType "swiss"]
[EventRounds "11"]
[EventCountry "RUS"]
[SourceTitle "EXT 2023"]
[Source "ChessBase"]
[SourceDate "2022.10.05"]
[SourceVersion "1"]
[SourceVersionDate "2022.10.05"]
[SourceQuality "1"]

1. e4 c5 2. Nf3 Nc6 3. d3 g6 4. g3 Bg7 5. Bg2 e6 6. 0-0 Nge7 7. c3 d5 8. Nbd2 0-0 9. Re1 b5 10. e5 Qb6 11. Nf1 Nf5 12. g4 Nh6 13. g5 Nf5 14. Ng3 Nxg3 15. hxg3 Qc7 16. d4 cxd4 17. cxd4 Nb4 18. Bf4 Qc4 19. Bf1 Qc6 20. a3 Na6 21. Rc1 Qb6 22. b4 Bb7 23. Be3 Rfc8 24. Nd2 Rxc1 25. Qxc1 Rc8 26. Qb1 Rc3 27. Nb3 Qc7 28. Rc1 Rxc1 29. Bxc1 Bf8 30. Nc5 Nxc5 31. bxc5 a6 32. Qb2 Be7 33. Kg2 Qd8 34. f4 h6 35. gxh6 Kh7 36. Kf2 f6 37. Qc2 Bc6 38. Bh3 Qf8 39. Bxe6 fxe5 40. f5 e4 41. Kg2 gxf5 42. Qf2 Kh8 43. Bxf5 Bf6 44. Be3 a5 45. g4 Qe7 46. Qg3 Bg5 47. Qb8+ Qd8 48. Qxd8+ Bxd8 49. g5 b4 50. g6 bxa3 51. g7+ 1-0

[Event "Omsk CC-ch sf"]
[Site "Omsk"]
[Date "2011.06.30"]
[Round "8"]
[White "Antipova, Anastasia"]
[Black "Skokov, Boris"]
[Result "0-1"]
[WhiteElo "1794"]
[BlackElo "2061"]
[PlyCount "48"]
[EventDate "2011.06.20"]
[EventType "swiss"]
[EventRounds "11"]
[EventCountry "RUS"]
[SourceTitle "EXT 2023"]
[Source "ChessBase"]
[SourceDate "2022.10.05"]
[SourceVersion "1"]
[SourceVersionDate "2022.10.05"]
[SourceQuality "1"]

1. e4 e6 2. d4 d5 3. Nc3 Nf6 4. Bg5 Be7 5. e5 Ne4 6. Bxe7 Qxe7 7. Nxe4 dxe4 8. c3 c5 9. Qg4 cxd4 10. Qxg7 Rf8 11. Qxh7 dxc3 12. Qxe4 cxb2 13. Rb1 Qa3 14. Bb5+ Nd7 15. Qa4 Qc3+ 16. Kf1 a6 17. Bxd7+ Bxd7 18. Qb3 Bb5+ 19. Ne2 Qc1+ 20. Qd1 Qxd1+ 21. Rxd1 Bd3 22. h4 b1Q 23. Rxb1 Bxb1 24. h5 0-0-0 0-1